Sentenȧs Trabalhistas Selecionadas Assďio Processual, Dano pr-̌Contratual, Discriminaȯ̂, Estabilidade e Indenizaȯ̂ /

Detalles Bibliográficos
Autor principal: Florencio Thom,̌ Candy
Formato: eBook
Lenguaje:portugués
Publicado: Sao Paulo: LTR Editora, 2014
Materias:
Acceso en línea:Acceso restringido

MARC

LEADER 00000nam a22000007a 4500
005 20150129184421.0
007 cr|||| |||
008 150129s2014 br |||||s|||| 00||0 por d
020 |a 978-85-361-3226-6 
035 |a 12579 
040 |a vLex 
090 |c 5336  |d 5336 
100 1 |a Florencio Thom,̌ Candy 
245 1 0 |a Sentenȧs Trabalhistas Selecionadas  |h [Recurso electrn̤ico] :  |b Assďio Processual, Dano pr-̌Contratual, Discriminaȯ̂, Estabilidade e Indenizaȯ̂ /  |c Candy Florencio Thom,̌ Rodrigo Garcia Schwarz 
256 |a Servicio en ln̕ea 
260 |a Sao Paulo:  |b LTR Editora,  |c 2014 
300 |a 1 recurso electrn̤ico  
506 1 |a Contenido solo disponible en los productos indicados  |d vLex Global  |d vLex Global (Academic Edition, excluding Law Schools)  |d vLex Global (U.S. Academic Edition, Law Schools)  |d vLex Global (U.S. Academic Edition, excluding Law Schools)  |d vLex Global (Academic Edition, Law Schools) 
650 0 4 |a Derecho laboral  |z Espaą 
650 0 4 |a Sentencias (Derecho laboral)  |z Brasil 
740 0 |a vLex Libros (Servicio en ln̕ea) 
856 4 0 |u http://vlex.com/source/senten-as-trabalhistas-selecionadas-volume-iii-12579  |z Acceso restringido 
942 |c BOOK 
999 0 |a Labor laws and legislation 
999 0 |a Sentences